[Event "HUN-chT2 Szechenyi 1819"]
[Site "Hungary"]
[Date "2019.01.27"]
[Round "4.8"]
[White "Erky, Tamas"]
[Black "Borhy, Gyorgy Szilard"]
[Result "1/2-1/2"]
[WhiteElo "1844"]
[BlackElo "1498"]
[PlyCount "62"]
[EventDate "2018.10.28"]
[EventType "team-tourn"]
[EventRounds "9"]
[EventCountry "HUN"]
[SourceTitle "EXT 2021"]
[Source "ChessBase"]
[SourceDate "2020.10.23"]
[SourceVersion "1"]
[SourceVersionDate "2020.10.23"]
[SourceQuality "1"]
[WhiteTeam "Gyor Szechenyi II"]
[BlackTeam "Haladas Szombathely III"]
[WhiteTeamCountry "HUN"]
[BlackTeamCountry "HUN"]

1. e3 d5 2. Nf3 Bg4 3. Be2 Nf6 4. d4 e6 5. 0-0 Bd6 6. h3 Bxf3 7. Bxf3 0-0 8. Nd2 c5 9. c3 cxd4 10. exd4 Nc6 11. Re1 Rc8 12. Nf1 Qb6 13. Rb1 h6 14. Be3 Na5 15. Be2 Nc4 16. Bxc4 Rxc4 17. Nd2 Rcc8 18. Qf3 Qd8 19. Kh1 Bb8 20. Rg1 Nh7 21. g4 Qf6 22. Rg2 Qxf3 23. Nxf3 g5 24. h4 f6 25. Re1 Kf7 26. hxg5 hxg5 27. Rgg1 Rh8 28. Kg2 Nf8 29. Rh1 Rxh1 30. Rxh1 Kg7 31. Nd2 Ng6 1/2-1/2

[Event "Gyor Amateur op 3rd"]
[Site "Gyor"]
[Date "2015.06.05"]
[Round "1"]
[White "Halasz, Csaba"]
[Black "Borhy, Gyorgy Szilard"]
[Result "1-0"]
[WhiteElo "2084"]
[BlackElo "1525"]
[PlyCount "47"]
[EventDate "2015.06.05"]
[EventType "swiss"]
[EventRounds "5"]
[EventCountry "HUN"]
[SourceTitle "CBM 166 Extra"]
[Source "ChessBase"]
[SourceDate "2015.06.18"]
[SourceVersion "1"]
[SourceVersionDate "2015.06.18"]
[SourceQuality "1"]

1. e4 c5 2. Nf3 d6 3. d4 cxd4 4. Nxd4 Nf6 5. Nc3 g6 6. Be3 Bg7 7. f3 Nc6 8. Qd2 0-0 9. Bc4 Bd7 10. 0-0-0 Rc8 11. Bb3 Ne5 12. Kb1 Qa5 13. g4 Nc4 14. Bxc4 Rxc4 15. Nb3 Qa6 16. e5 Ne8 17. Bh6 Be6 18. Bxg7 Kxg7 19. h4 dxe5 20. h5 Kg8 21. Qh6 Bc8 22. Nd5 Qe6 23. hxg6 Nf6 24. Nxf6+ 1-0